000
00290nam a2200121Ia 4500
008
190216s9999||||xx |||||||||||||| ||und||
100
_a
Nageswara Rao
245
0
_a
Inspiring Lives
260
_b
Publications Division
_c
1997
300
_a
69p
650
_a
English Prose
942
_c
BK
999
_c
13899
_d
13899